Granada CF Squad 2025-2026 - Statistics

General Stats
  • This quiz has been taken 34 times
    7 since last reset
  • The average score is 23 of 27
Answer Stats
# Position Nation Player % Correct
7 FW Spain Álex Sola
100%
13 GK Spain Ander Astralaga
100%
9 FW Uruguay Gonzalo Petit
100%
19 FW Spain Jorge Pascual
100%
11 FW Spain José Manuel Arnáiz
100%
1 GK Algeria Luca Zidane
100%
5 DF Spain Manu Lama
100%
18 MF Cameroon Martin Hongla
100%
- Coach Spain Pacheta
100%
4 MF Spain Rubén Alcaraz
100%
40 FW Spain Baba Diocou
83%
22 DF Senegal Baïla Diallo
83%
17 DF Spain Bambo Diaby
83%
3 DF Spain Diego Hormigo
83%
24 DF Spain Loïc Williams
83%
23 MF Georgia Luka Gagnidze
83%
14 MF Spain Manu Trigueros
83%
10 FW Morocco Mohamed Bouldini
83%
20 MF Spain Sergio Ruiz
83%
18 DF Spain Álvaro Lemos
67%
41 MF Spain Izan González
67%
28 DF Ghana Oscar Naasei
67%
21 FW Spain Pablo Sáenz
67%
2 DF Spain Pau Casadesús
67%
8 MF Spain Pedro Alemañ
67%
26 FW Spain Sergio Rodelas
67%
17 FW Senegal Souleymane Faye
50%
No matching quizzes found
Score Distribution
Percent of People with Each Score
Percentile by Number Answered
Your Score History
You have not taken this quiz since the last reset